General Psychology for Physiotherapists (Record no. 249260)

MARC details
000 -LEADER
fixed length control field 00472nam a22001697a 4500
008 - FIXED-LENGTH DATA ELEMENTS--GENERAL INFORMATION
fixed length control field 250517b |||||||| |||| 00| 0 eng d
020 ## - INTERNATIONAL STANDARD BOOK NUMBER
International Standard Book Number 978-9386-006912
082 ## - DEWEY DECIMAL CLASSIFICATION NUMBER
Classification number 150.2461 R2
100 ## - MAIN ENTRY--PERSONAL NAME
Personal name Beulah Jebakani & Sharmila B
245 ## - TITLE STATEMENT
Title General Psychology for Physiotherapists
250 ## - EDITION STATEMENT
Edition statement 1st
260 ## - PUBLICATION, DISTRIBUTION, ETC. (IMPRINT)
Name of publisher, distributor, etc EMMESS Medical Publishers
650 ## - SUBJECT ADDED ENTRY--TOPICAL TERM
Form subdivision Physiotherapy
General subdivision General Psychology for Psysiotherapists
942 ## - ADDED ENTRY ELEMENTS (KOHA)
Item type Books
Holdings
Withdrawn status Lost status Damaged status Permanent location Current location Date acquired Source of acquisition Cost, normal purchase price Full call number Barcode Date last seen Koha item type
      CENTRAL LIBRARY, NOORUL ISLAM CENTRE FOR HIGHER EDUCATION CENTRAL LIBRARY, NOORUL ISLAM CENTRE FOR HIGHER EDUCATION 05/17/2025 Masters Books Distributors, Kollam 375.00 150.2461 R2 84887 05/17/2025 Books
      CENTRAL LIBRARY, NOORUL ISLAM CENTRE FOR HIGHER EDUCATION CENTRAL LIBRARY, NOORUL ISLAM CENTRE FOR HIGHER EDUCATION 05/17/2025 Masters Books Distributors, Kollam 375.00 150.2461 R2 84888 05/17/2025 Books
      CENTRAL LIBRARY, NOORUL ISLAM CENTRE FOR HIGHER EDUCATION CENTRAL LIBRARY, NOORUL ISLAM CENTRE FOR HIGHER EDUCATION 05/17/2025 Masters Books Distributors, Kollam 375.00 150.2461 R2 84889 05/17/2025 Books
      CENTRAL LIBRARY, NOORUL ISLAM CENTRE FOR HIGHER EDUCATION CENTRAL LIBRARY, NOORUL ISLAM CENTRE FOR HIGHER EDUCATION 05/17/2025 Masters Books Distributors, Kollam 375.00 150.2461 R2 84890 05/17/2025 Books
Visitors:
Copyright © 2024 Central Library NICHE.  All rights reserved.